桃花台新交通 桃花台線の駅 - Statistics

General Stats
  • This quiz has been taken 8 times
  • The average score is 6 of 7
Answer Stats
所在地 駅名 % Correct
小牧市 小牧
100%
小牧原
100%
東田中
88%
桃花台センター
88%
上末
75%
桃花台東
75%
桃花台西
63%
No matching quizzes found
Score Distribution
Percent of People with Each Score
Percentile by Number Answered
Your Score History
You have not taken this quiz